The human body

Bibliographic Details
Main Author: Mohd. Azhar Zakaria
Other Authors: Nurul Shakirin, Manikam, Rajendran
Format: Book
Published: Kuala Lumpur : Cipta Publishing , 2004
Series:Understanding the world around us
Subjects:

MARC

LEADER 00000cam a2200000 7i4500
001 0000006993
005 20160330.0
008 070828
020 |a 9838092959 
020 |a 9838092983 (set) 
090 0 0 |a 611   |b MOH 
100 0 |a Mohd. Azhar Zakaria 
245 1 4 |a The human body   |c Mohd. Azhar Zakaria 
260 |a Kuala Lumpur :   |b Cipta Publishing ,   |c 2004 
440 |a Understanding the world around us 
500 |a Teenager ages 13-18 years old (blue) 
650 0 |a Body, Human 
650 0 |a Human antanomy 
700 0 |a Nurul Shakirin 
700 1 |a Manikam, Rajendran 
999 |a 0000921235   |b Book   |c Adult Collection   |e Cawangan Bukit Gambir 
999 |a 0000921236   |b Book   |c Adult Collection   |e Cawangan Bukit Gambir 
999 |a 0000921237   |b Book   |c Adult Collection   |e Cawangan Bukit Gambir 
999 |a 0000932336   |b Book   |c Teenagers   |e Cawangan Tangkak 
999 |a 0000932337   |b Book   |c Teenagers   |e Cawangan Tangkak 
999 |a 0000938658   |b Book   |c Children Collection   |e Cawangan Tangkak 
999 |a 0000988208   |b Book   |c Teenagers   |e Perbadanan Perpustakaan Awam Johor 
999 |a 0000988209   |b Book   |c Teenagers   |e Perbadanan Perpustakaan Awam Johor 
999 |a 0000988210   |b Book   |c Teenagers   |e Perbadanan Perpustakaan Awam Johor